Accounting theory
| Main Author: | |
|---|---|
| Format: | Book |
| Published: |
Fort Worth, Tex.
The Dryden Press
c1993
|
| Edition: | 3rd ed |
| Subjects: |
MARC
| LEADER | 00000cam a2200000 7i4500 | ||
|---|---|---|---|
| 001 | 0000000379 | ||
| 008 | 021118s1993 | ||
| 020 | |a 0030965659 | ||
| 090 | 0 | 0 | |a HF5625 |b .B36 1993 |
| 100 | 0 | |a Riahi-Belkaoui, Ahmed |d 1943- |e author | |
| 245 | 1 | 0 | |a Accounting theory |c Ahmad Riahi Belkaoui |
| 250 | |a 3rd ed | ||
| 260 | 2 | |a Fort Worth, Tex. |b The Dryden Press |c c1993 | |
| 300 | |a xii, 539 p. |c 25 cm | ||
| 650 | 0 | |a Accounting | |
| 999 | |a 1000011331 |b Book |c OPEN SHELF (30 DAYS) |e Gong Badak Campus | ||